| 000 | 00344nam a2200133 i 4500 | ||
|---|---|---|---|
| 001 | bg | ||
| 100 | 1 | _aHOLNICKI-SZULC, Jan | |
| 245 | 0 |
_aO optymalnym modelowaniu na minimum lokalnego ugięcia / _cJ. Holnicki-Szulc. |
|
| 260 |
_aWarszawa, _c1984. |
||
| 040 | _cBPK | ||
| 041 | _apol | ||
| 942 | _cKS | ||
| 008 | s pl f |000 0 pol | ||
| 999 |
_c22949 _d22949 |
||
| 856 |
_uhttp://koha.tu.koszalin.pl/cgi-bin/koha/opac-detail.pl?biblionumber=22949 _yKatalog online BPK |
||